000 00331 a2200109 4500
001 ART_3398
005 20260410161714.0
008 260409a
245 1 0 _aLa confusión sobre la ley de Gresham
100 1 _aOlivera, Julio H.G.
773 0 _tDesarrollo económico
_g- Vol. 21, Nº 81 (abr./jun. 1981)
_wREV1174
999 _c16352
_d16352